[Event "Turniej Blitza na II Lidze Juniorów 2018"]
[Site "Szczyrk, Poland"]
[Date "2018.07.26"]
[Round "3.1"]
[White "Musial, Tomasz"]
[Black "Piesik, Piotr"]
[Result "0-1"]
[TimeControl "3'+2\""]
[BlackTitle "FM"]
[WhiteElo "1833"]
[BlackElo "2305"]

1. e4 {[%clk 00:03:03]} g6 {[%clk 00:03:04]} {[%emt 00:00:02]} 2. d4 {[%clk
00:03:03]} {[%emt 00:00:01]} Bg7 {[%clk 00:03:05]} 3. Nf3 {[%clk 00:03:04]}
{[%emt 00:00:01]} c6 {[%clk 00:03:06]} 4. Nc3 {[%clk 00:03:04]} {[%emt
00:00:02]} d6 {[%clk 00:03:07]} {[%emt 00:00:01]} 5. Be2 {[%clk 00:02:59]}
{[%emt 00:00:06]} Bg4 {[%clk 00:03:08]} {[%emt 00:00:02]} 6. O-O {[%clk
00:02:58]} {[%emt 00:00:03]} Nd7 {[%clk 00:03:09]} 7. h3 {[%clk 00:02:59]}
{[%emt 00:00:01]} Bxf3 {[%clk 00:03:10]} {[%emt 00:00:01]} 8. Bxf3 {[%clk
00:02:59]} {[%emt 00:00:02]} Ngf6 {[%clk 00:03:10]} {[%emt 00:00:02]} 9. Be3
{[%clk 00:02:59]} O-O {[%clk 00:03:10]} {[%emt 00:00:02]} 10. Qd2 {[%clk
00:03:00]} {[%emt 00:00:02]} e5 {[%clk 00:03:10]} {[%emt 00:00:01]} 11. Rad1
{[%clk 00:02:55]} {[%emt 00:00:07]} Qc7 {[%clk 00:03:10]} {[%emt 00:00:03]} 12.
Rfe1 {[%clk 00:02:53]} {[%emt 00:00:03]} Rfe8 {[%clk 00:03:09]} {[%emt
00:00:04]} 13. a4 {[%clk 00:02:48]} {[%emt 00:00:07]} Nf8 {[%clk 00:03:01]}
{[%emt 00:00:10]} 14. dxe5 {[%clk 00:02:26]} {[%emt 00:00:23]} dxe5 {[%clk
00:03:02]} {[%emt 00:00:01]} 15. Qd6 {[%clk 00:02:27]} Qxd6 {[%clk 00:03:01]}
{[%emt 00:00:03]} 16. Rxd6 {[%clk 00:02:28]} {[%emt 00:00:02]} Ne6 {[%clk
00:03:00]} {[%emt 00:00:02]} 17. Red1 {[%clk 00:02:18]} {[%emt 00:00:12]} Bf8
{[%clk 00:03:01]} {[%emt 00:00:01]} 18. R6d2 {[%clk 00:02:14]} {[%emt
00:00:06]} Bc5 {[%clk 00:02:54]} {[%emt 00:00:10]} 19. Bxc5 {[%clk 00:02:02]}
{[%emt 00:00:14]} Nxc5 {[%clk 00:02:55]} {[%emt 00:00:01]} 20. g4 {[%clk
00:02:02]} {[%emt 00:00:01]} Ne6 {[%clk 00:02:50]} {[%emt 00:00:07]} 21. Rd6
{[%clk 00:01:46]} {[%emt 00:00:18]} Kg7 {[%clk 00:02:13]} {[%emt 00:00:39]} 22.
Kg2 {[%clk 00:01:25]} {[%emt 00:00:23]} h6 {[%clk 00:02:00]} {[%emt 00:00:15]}
23. Kg3 {[%clk 00:01:25]} {[%emt 00:00:02]} Nd4 {[%clk 00:02:01]} {[%emt
00:00:01]} 24. Rd2 {[%clk 00:01:01]} {[%emt 00:00:27]} Red8 {[%clk 00:02:02]}
25. Rxd8 {[%clk 00:01:02]} {[%emt 00:00:01]} Rxd8 {[%clk 00:02:03]} {[%emt
00:00:01]} 26. Nb1 {[%clk 00:00:56]} {[%emt 00:00:08]} Re8 {[%clk 00:01:29]}
{[%emt 00:00:36]} 27. Na3 {[%clk 00:00:30]} {[%emt 00:00:27]} Re7 {[%clk
00:01:02]} {[%emt 00:00:30]} 28. Nc4 {[%clk 00:00:25]} {[%emt 00:00:06]} c5
{[%clk 00:00:53]} {[%emt 00:00:11]} 29. c3 {[%clk 00:00:16]} {[%emt 00:00:11]}
Nc6 {[%clk 00:00:39]} {[%emt 00:00:16]} 30. Ne3 {[%clk 00:00:17]} Rd7 {[%clk
00:00:33]} {[%emt 00:00:09]} 31. Rxd7 {[%clk 00:00:17]} Nxd7 {[%clk 00:00:35]}
32. Nd5 {[%clk 00:00:18]} {[%emt 00:00:01]} Nf6 {[%clk 00:00:33]} {[%emt
00:00:04]} 33. Bg2 {[%clk 00:00:10]} {[%emt 00:00:10]} Na5 {[%clk 00:00:31]}
{[%emt 00:00:03]} 34. f4 {[%clk 00:00:09]} {[%emt 00:00:03]} exf4+ {[%clk
00:00:28]} {[%emt 00:00:05]} 35. Kxf4 {[%clk 00:00:10]} {[%emt 00:00:01]} Nc4
{[%clk 00:00:25]} {[%emt 00:00:06]} 36. b3 {[%clk 00:00:06]} {[%emt 00:00:06]}
Nd2 {[%clk 00:00:25]} {[%emt 00:00:01]} 37. Nxf6 {[%clk 00:00:06]} {[%emt
00:00:02]} Kxf6 {[%clk 00:00:27]} {[%emt 00:00:01]} 38. e5+ {[%clk 00:00:07]}
Ke7 {[%clk 00:00:28]} 39. Bd5 {[%clk 00:00:06]} {[%emt 00:00:03]} b6 {[%clk
00:00:26]} {[%emt 00:00:04]} 40. Ke3 {[%clk 00:00:04]} {[%emt 00:00:04]} Nf1+
{[%clk 00:00:22]} {[%emt 00:00:07]} 41. Kf2 {[%clk 00:00:05]} {[%emt 00:00:01]}
Nd2 {[%clk 00:00:22]} {[%emt 00:00:01]} 42. Ke3 {[%clk 00:00:07]} Nb1 {[%clk
00:00:20]} {[%emt 00:00:05]} 43. Kd3 {[%clk 00:00:08]} Na3 {[%clk 00:00:21]}
{[%emt 00:00:02]} 44. c4 {[%clk 00:00:09]} {[%emt 00:00:01]} a6 {[%clk
00:00:15]} {[%emt 00:00:08]} 45. Kc3 {[%clk 00:00:10]} b5 {[%clk 00:00:16]}
{[%emt 00:00:02]} 46. axb5 {[%clk 00:00:11]} axb5 {[%clk 00:00:18]} {[%emt
00:00:01]} 47. Kb2 {[%clk 00:00:12]} b4 {[%clk 00:00:19]} {[%emt 00:00:01]} 48.
h4 {[%clk 00:00:11]} {[%emt 00:00:03]} f6 {[%clk 00:00:20]} {[%emt 00:00:01]}
49. e6 {[%clk 00:00:12]} {[%emt 00:00:01]} Kd6 {[%clk 00:00:20]} {[%emt
00:00:02]} 50. Be4 {[%clk 00:00:07]} {[%emt 00:00:06]} Kxe6 {[%emt 00:00:04]}
51. Bxg6 {[%clk 00:00:08]} Ke5 {[%clk 00:00:20]} 52. Bf5 {[%clk 00:00:07]}
{[%emt 00:00:03]} Kf4 {[%clk 00:00:20]} {[%emt 00:00:02]} 53. Bc8 {[%clk
00:00:07]} {[%emt 00:00:02]} Kg3 {[%clk 00:00:20]} {[%emt 00:00:02]} 54. h5
{[%clk 00:00:08]} {[%emt 00:00:01]} Kf4 {[%clk 00:00:21]} 55. Bd7 {[%clk
00:00:09]} {[%emt 00:00:02]} Ke5 {[%clk 00:00:23]} {[%emt 00:00:01]} 56. Bf5
{[%clk 00:00:09]} Kd4 {[%clk 00:00:24]} {[%emt 00:00:01]} 57. Bg6 {[%clk
00:00:10]} {[%emt 00:00:01]} Ke3 {[%clk 00:00:25]} {[%emt 00:00:01]} 58. Bf5
{[%clk 00:00:11]} Kf3 {[%clk 00:00:26]} 59. Be6 {[%clk 00:00:11]} Ke2 {[%clk
00:00:27]} 60. Bf5 {[%clk 00:00:12]} Kd2 {[%clk 00:00:29]} {[%emt 00:00:01]} 61.
Be6 {[%clk 00:00:13]} {[%emt 00:00:01]} Nc2 {[%clk 00:00:30]} 62. Bd7 {[%clk
00:00:11]} {[%emt 00:00:04]} Nd4 {[%clk 00:00:29]} {[%emt 00:00:02]} 63. Bc8
{[%clk 00:00:11]} {[%emt 00:00:02]} Ke3 {[%clk 00:00:29]} {[%emt 00:00:02]} 64.
Bd7 {[%clk 00:00:09]} {[%emt 00:00:04]} Kf4 {[%clk 00:00:30]} {[%emt 00:00:01]}
65. Bc8 {[%clk 00:00:06]} {[%emt 00:00:05]} Nf3 {[%clk 00:00:30]} {[%emt
00:00:02]} 66. Kc2 {[%clk 00:00:07]} Ne5 {[%clk 00:00:31]} 67. Kd2 {[%clk
00:00:08]} {[%emt 00:00:01]} Nxg4 {[%clk 00:00:32]} {[%emt 00:00:02]} 68. Ke2
{[%clk 00:00:09]} f5 {[%clk 00:00:32]} {[%emt 00:00:02]} 69. Bd7 {[%clk
00:00:09]} {[%emt 00:00:01]} Nf6 {[%clk 00:00:33]} 70. Bc6 {[%clk 00:00:09]}
{[%emt 00:00:02]} Nxh5 {[%clk 00:00:34]} {[%emt 00:00:01]} 71. Kf2 {[%clk
00:00:10]} Nf6 {[%clk 00:00:35]} {[%emt 00:00:01]} 72. Kg2 {[%clk 00:00:11]}
{[%emt 00:00:02]} Ne4 {[%clk 00:00:35]} {[%emt 00:00:02]} 73. Bd7 {[%clk
00:00:09]} {[%emt 00:00:03]} Nd2 {[%clk 00:00:36]} {[%emt 00:00:02]} 74. Ba4
{[%clk 00:00:09]} {[%emt 00:00:01]} Ke5 {[%emt 00:00:07]} 0-1

[Event "Turniej Blitza na II Lidze Juniorów 2018"]
[Site "Szczyrk, Poland"]
[Date "2018.07.26"]
[Round "3.13"]
[White "Kaliszuk, Kamil"]
[Black "Buraczewski, Rafal"]
[Result "0-1"]
[TimeControl "3'+2\""]
[WhiteElo "1590"]
[BlackElo "1927"]

1. g3 {[%clk 00:03:03]} d5 {[%clk 00:03:03]} {[%emt 00:00:02]} 2. Bg2 {[%clk
00:03:04]} c6 {[%clk 00:03:04]} {[%emt 00:00:01]} 3. c4 {[%clk 00:03:06]} Nf6
{[%clk 00:03:04]} {[%emt 00:00:02]} 4. Nf3 {[%clk 00:03:06]} {[%emt 00:00:02]}
Bg4 {[%clk 00:03:04]} {[%emt 00:00:01]} 5. b3 {[%clk 00:03:07]} {[%emt
00:00:02]} Nbd7 {[%clk 00:03:03]} {[%emt 00:00:03]} 6. Bb2 {[%clk 00:03:08]} e6
{[%clk 00:03:04]} {[%emt 00:00:02]} 7. O-O {[%clk 00:03:08]} {[%emt 00:00:02]}
Bd6 {[%clk 00:03:01]} {[%emt 00:00:03]} 8. d4 {[%clk 00:03:08]} {[%emt
00:00:04]} O-O {[%clk 00:03:00]} {[%emt 00:00:02]} 9. e3 {[%clk 00:03:08]}
{[%emt 00:00:02]} Qe7 {[%clk 00:02:40]} {[%emt 00:00:22]} 10. c5 {[%clk
00:03:04]} {[%emt 00:00:06]} Bc7 {[%clk 00:02:40]} {[%emt 00:00:02]} 11. Nbd2
{[%clk 00:03:05]} e5 {[%clk 00:02:37]} {[%emt 00:00:05]} 12. Qc2 {[%clk
00:03:06]} {[%emt 00:00:02]} e4 {[%clk 00:02:35]} {[%emt 00:00:03]} 13. Ne1
{[%clk 00:02:52]} {[%emt 00:00:17]} Qe6 {[%clk 00:02:31]} {[%emt 00:00:06]} 14.
b4 {[%clk 00:02:38]} {[%emt 00:00:16]} Be2 {[%clk 00:02:31]} {[%emt 00:00:02]}
15. Nb3 {[%clk 00:02:38]} {[%emt 00:00:02]} Bxf1 {[%clk 00:02:30]} {[%emt
00:00:02]} 16. Kxf1 {[%clk 00:02:39]} {[%emt 00:00:01]} Ng4 {[%clk 00:01:57]}
{[%emt 00:00:36]} 17. h3 {[%clk 00:02:36]} {[%emt 00:00:05]} Nh6 {[%clk
00:01:57]} {[%emt 00:00:02]} 18. b5 {[%clk 00:02:27]} {[%emt 00:00:11]} Nf5
{[%clk 00:01:56]} {[%emt 00:00:03]} 19. Qe2 {[%clk 00:02:22]} {[%emt 00:00:06]}
Bxg3 {[%clk 00:01:51]} {[%emt 00:00:08]} 20. Kg1 {[%clk 00:02:17]} {[%emt
00:00:07]} Bc7 {[%clk 00:01:50]} {[%emt 00:00:03]} 21. Nc2 {[%clk 00:02:15]}
{[%emt 00:00:04]} Nf6 {[%clk 00:01:46]} {[%emt 00:00:06]} 22. Nb4 {[%clk
00:02:13]} {[%emt 00:00:04]} Nh4 {[%clk 00:01:42]} {[%emt 00:00:05]} 23. Kh1
{[%clk 00:01:54]} {[%emt 00:00:22]} Nd7 {[%clk 00:00:46]} {[%emt 00:00:59]} 24.
Rg1 {[%clk 00:01:42]} {[%emt 00:00:13]} f5 {[%clk 00:00:46]} {[%emt 00:00:02]}
25. Qh5 {[%clk 00:01:35]} {[%emt 00:00:09]} Nxg2 {[%clk 00:00:42]} {[%emt
00:00:06]} 26. Rxg2 {[%clk 00:01:34]} {[%emt 00:00:02]} g6 {[%clk 00:00:34]}
{[%emt 00:00:11]} 27. Qh6 {[%clk 00:01:22]} {[%emt 00:00:14]} f4 {[%clk
00:00:30]} {[%emt 00:00:06]} 28. bxc6 {[%clk 00:01:16]} {[%emt 00:00:08]} bxc6
{[%clk 00:00:31]} 29. Na6 {[%clk 00:01:18]} Bb8 {[%clk 00:00:16]} {[%emt
00:00:17]} 30. Na5 {[%clk 00:01:11]} {[%emt 00:00:09]} fxe3 {[%clk 00:00:13]}
{[%emt 00:00:06]} 31. Qxe3 {[%emt 00:00:02]} Bf4 {[%clk 00:00:14]} 32. Qa3
{[%clk 00:01:11]} {[%emt 00:00:02]} e3 {[%clk 00:00:14]} {[%emt 00:00:02]} 33.
fxe3 {[%clk 00:00:58]} {[%emt 00:00:15]} Qxh3+ {[%clk 00:00:15]} {[%emt
00:00:01]} 34. Kg1 {[%clk 00:01:00]} Bxe3+ {[%clk 00:00:16]} {[%emt 00:00:02]}
0-1

[Event "Turniej Blitza na II Lidze Juniorów 2018"]
[Site "Szczyrk, Poland"]
[Date "2018.07.26"]
[Round "3.46"]
[White "Hampel, Anna"]
[Black "Sidorczuk, Dominik"]
[Result "0-1"]
[TimeControl "3'+2\""]
[WhiteElo "1449"]
[BlackElo "1215"]

1. e4 {[%clk 00:03:03]} e5 {[%clk 00:03:02]} {[%emt 00:00:03]} 2. Nf3 {[%clk
00:03:04]} {[%emt 00:00:01]} Nc6 {[%clk 00:03:03]} {[%emt 00:00:01]} 3. Bb5
{[%clk 00:03:05]} a6 {[%clk 00:03:03]} {[%emt 00:00:02]} 4. Ba4 {[%clk
00:03:06]} {[%emt 00:00:01]} Bc5 {[%clk 00:03:03]} {[%emt 00:00:02]} 5. O-O
{[%clk 00:03:05]} {[%emt 00:00:03]} d6 {[%clk 00:03:03]} {[%emt 00:00:01]} 6.
c3 {[%clk 00:03:06]} Nf6 {[%clk 00:03:02]} {[%emt 00:00:03]} 7. Re1 {[%clk
00:03:06]} {[%emt 00:00:02]} O-O {[%clk 00:03:01]} {[%emt 00:00:03]} 8. d4
{[%clk 00:03:07]} {[%emt 00:00:02]} exd4 {[%clk 00:03:02]} {[%emt 00:00:01]} 9.
cxd4 {[%clk 00:03:08]} {[%emt 00:00:01]} Bb6 {[%clk 00:03:01]} {[%emt
00:00:03]} 10. Nc3 {[%clk 00:03:04]} {[%emt 00:00:06]} Bg4 {[%clk 00:03:02]}
{[%emt 00:00:01]} 11. Be3 {[%clk 00:03:00]} {[%emt 00:00:06]} Re8 {[%clk
00:03:01]} {[%emt 00:00:03]} 12. Bc2 {[%clk 00:03:00]} {[%emt 00:00:02]} Nb4
{[%clk 00:03:00]} {[%emt 00:00:03]} 13. Bb1 {[%clk 00:03:00]} {[%emt 00:00:02]}
Qe7 {[%clk 00:02:50]} {[%emt 00:00:12]} 14. a3 {[%clk 00:02:58]} {[%emt
00:00:04]} Nc6 {[%clk 00:02:49]} {[%emt 00:00:03]} 15. Bg5 {[%clk 00:02:44]}
{[%emt 00:00:15]} h6 {[%clk 00:02:48]} {[%emt 00:00:04]} 16. Be3 {[%clk
00:02:42]} {[%emt 00:00:04]} Rad8 {[%clk 00:02:43]} {[%emt 00:00:06]} 17. Bc2
{[%clk 00:02:29]} {[%emt 00:00:16]} Qd7 {[%clk 00:02:37]} {[%emt 00:00:07]} 18.
h3 {[%clk 00:02:28]} {[%emt 00:00:04]} Bh5 {[%clk 00:02:38]} {[%emt 00:00:01]}
19. b4 {[%clk 00:02:19]} {[%emt 00:00:11]} Nh7 {[%clk 00:01:53]} {[%emt
00:00:47]} 20. Nd5 {[%clk 00:02:02]} {[%emt 00:00:19]} Ba7 {[%clk 00:01:47]}
{[%emt 00:00:07]} 21. Nf4 {[%clk 00:01:58]} {[%emt 00:00:06]} Bg6 {[%clk
00:01:42]} {[%emt 00:00:08]} 22. Nxg6 {[%clk 00:01:58]} {[%emt 00:00:02]} fxg6
{[%clk 00:01:43]} 23. Qe2 {[%clk 00:01:45]} {[%emt 00:00:16]} Nf6 {[%clk
00:01:42]} {[%emt 00:00:02]} 24. Rad1 {[%clk 00:01:39]} {[%emt 00:00:08]} Nxe4
{[%clk 00:01:41]} {[%emt 00:00:03]} 25. Qc4+ {[%clk 00:01:25]} {[%emt
00:00:16]} d5 {[%clk 00:01:40]} {[%emt 00:00:03]} 26. Qa2 {[%clk 00:01:21]}
{[%emt 00:00:04]} Kh7 {[%clk 00:01:32]} {[%emt 00:00:12]} 27. Bf4 {[%clk
00:01:09]} {[%emt 00:00:14]} Re6 {[%clk 00:01:14]} {[%emt 00:00:20]} 28. Ne5
{[%clk 00:00:59]} {[%emt 00:00:12]} Nxe5 {[%clk 00:01:12]} {[%emt 00:00:04]} 29.
Bxe5 {[%clk 00:00:59]} {[%emt 00:00:02]} Nc3 {[%clk 00:01:11]} {[%emt
00:00:03]} 30. Qb2 {[%clk 00:00:53]} {[%emt 00:00:09]} Nxd1 {[%clk 00:01:11]}
{[%emt 00:00:01]} 31. Rxd1 {[%clk 00:00:53]} {[%emt 00:00:02]} Rf8 {[%clk
00:01:01]} {[%emt 00:00:12]} 32. Rd3 {[%clk 00:00:48]} {[%emt 00:00:07]} b6
{[%clk 00:00:53]} {[%emt 00:00:10]} 33. Rg3 {[%clk 00:00:49]} {[%emt 00:00:01]}
c5 {[%clk 00:00:49]} {[%emt 00:00:06]} 34. Qb1 {[%clk 00:00:43]} {[%emt
00:00:07]} cxd4 {[%clk 00:00:46]} {[%emt 00:00:05]} 35. Bxg6+ {[%clk 00:00:32]}
{[%emt 00:00:14]} Kh8 {[%clk 00:00:40]} {[%emt 00:00:08]} 36. Bxd4 {[%clk
00:00:30]} {[%emt 00:00:04]} b5 {[%clk 00:00:39]} {[%emt 00:00:03]} 37. Qd3
{[%clk 00:00:22]} {[%emt 00:00:10]} Bxd4 {[%clk 00:00:39]} {[%emt 00:00:02]} 38.
Qxd4 {[%clk 00:00:23]} Re1+ {[%clk 00:00:39]} {[%emt 00:00:02]} 39. Kh2 {[%clk
00:00:24]} {[%emt 00:00:02]} Qe6 {[%clk 00:00:29]} {[%emt 00:00:12]} 40. Bf5
{[%clk 00:00:14]} {[%emt 00:00:11]} Qf6 {[%clk 00:00:30]} {[%emt 00:00:01]} 41.
Qg4 {[%clk 00:00:14]} {[%emt 00:00:03]} Rf1 {[%clk 00:00:24]} {[%emt 00:00:07]}
42. Bd3 {[%clk 00:00:03]} {[%emt 00:00:13]} Rxf2 {[%emt 00:00:03]} 43. Kh1
{[%emt 00:00:02]} 0-1

[Event "Turniej Blitza na II Lidze Juniorów 2018"]
[Site "Szczyrk, Poland"]
[Date "2018.07.26"]
[Round "3.34"]
[White "Kebel, Bartosz"]
[Black "Orlik, Sandra"]
[Result "0-1"]
[TimeControl "3'+2\""]
[WhiteElo "1283"]
[BlackElo "1549"]

1. d4 {[%clk 00:02:30]} {[%emt 00:00:34]} d5 {[%clk 00:03:03]} 2. c4 {[%clk
00:02:31]} {[%emt 00:00:01]} dxc4 {[%clk 00:03:04]} {[%emt 00:00:01]} 3. e3
{[%clk 00:02:33]} e6 {[%clk 00:03:05]} {[%emt 00:00:01]} 4. Bxc4 {[%clk
00:02:33]} {[%emt 00:00:02]} c5 {[%clk 00:03:05]} 5. Nf3 {[%clk 00:02:33]}
{[%emt 00:00:02]} Nf6 {[%clk 00:03:06]} {[%emt 00:00:01]} 6. Nc3 {[%clk
00:02:34]} {[%emt 00:00:02]} a6 {[%clk 00:03:06]} {[%emt 00:00:02]} 7. O-O
{[%clk 00:02:33]} {[%emt 00:00:03]} b5 {[%clk 00:03:06]} {[%emt 00:00:02]} 8.
Be2 {[%clk 00:02:33]} {[%emt 00:00:01]} Bb7 {[%clk 00:03:04]} {[%emt 00:00:04]}
9. dxc5 {[%clk 00:02:34]} {[%emt 00:00:02]} Qxd1 {[%clk 00:03:04]} {[%emt
00:00:01]} 10. Rxd1 {[%clk 00:02:35]} {[%emt 00:00:02]} Bxc5 {[%clk 00:03:04]}
{[%emt 00:00:01]} 11. Ne5 {[%clk 00:02:23]} {[%emt 00:00:14]} Nbd7 {[%clk
00:03:00]} {[%emt 00:00:06]} 12. Nd3 {[%clk 00:02:22]} {[%emt 00:00:03]} Bb6
{[%clk 00:03:01]} {[%emt 00:00:01]} 13. a4 {[%clk 00:02:22]} {[%emt 00:00:03]}
bxa4 {[%clk 00:02:52]} {[%emt 00:00:11]} 14. Nxa4 {[%clk 00:02:21]} {[%emt
00:00:02]} Bc7 {[%clk 00:02:34]} {[%emt 00:00:20]} 15. Ndc5 {[%clk 00:02:17]}
{[%emt 00:00:07]} Nxc5 {[%clk 00:02:34]} {[%emt 00:00:02]} 16. Nxc5 {[%clk
00:02:18]} Bc8 {[%clk 00:02:33]} {[%emt 00:00:03]} 17. Bxa6 {[%clk 00:02:14]}
{[%emt 00:00:06]} Ke7 {[%clk 00:02:21]} {[%emt 00:00:15]} 18. b4 {[%clk
00:01:48]} {[%emt 00:00:27]} Bd6 {[%clk 00:02:18]} {[%emt 00:00:05]} 19. Bb2
{[%clk 00:01:21]} {[%emt 00:00:29]} Bxc5 {[%clk 00:02:15]} {[%emt 00:00:06]} 20.
Bxc8 {[%clk 00:01:21]} {[%emt 00:00:01]} Rxa1 {[%clk 00:02:03]} {[%emt
00:00:14]} 21. Rxa1 {[%clk 00:01:22]} Rxc8 {[%clk 00:02:00]} {[%emt 00:00:05]}
22. bxc5 {[%clk 00:01:23]} {[%emt 00:00:02]} Nd7 {[%clk 00:01:54]} {[%emt
00:00:08]} 23. Rc1 {[%clk 00:01:21]} {[%emt 00:00:02]} Nxc5 {[%clk 00:01:52]}
{[%emt 00:00:06]} 24. Ba3 {[%clk 00:01:22]} Kd6 {[%clk 00:01:53]} {[%emt
00:00:01]} 25. Kf1 {[%clk 00:01:18]} {[%emt 00:00:05]} Rc6 {[%clk 00:01:49]}
{[%emt 00:00:07]} 26. f3 {[%clk 00:00:58]} {[%emt 00:00:20]} f6 {[%clk
00:01:47]} {[%emt 00:00:06]} 27. Ke2 {[%clk 00:00:57]} {[%emt 00:00:03]} f5
{[%clk 00:01:40]} {[%emt 00:00:09]} 28. Rd1+ {[%clk 00:00:49]} {[%emt
00:00:08]} Kc7 {[%clk 00:01:41]} {[%emt 00:00:03]} 29. Bb2 {[%clk 00:00:32]}
{[%emt 00:00:18]} g6 {[%clk 00:01:33]} {[%emt 00:00:10]} 30. Be5+ {[%clk
00:00:33]} {[%emt 00:00:02]} Kb6 {[%clk 00:01:32]} {[%emt 00:00:02]} 31. Rb1+
{[%clk 00:00:34]} {[%emt 00:00:01]} Ka6 {[%clk 00:01:28]} {[%emt 00:00:06]} 32.
Rc1 {[%clk 00:00:35]} {[%emt 00:00:01]} Kb5 {[%clk 00:01:26]} {[%emt 00:00:05]}
33. Rb1+ {[%clk 00:00:34]} {[%emt 00:00:02]} Kc4 {[%clk 00:01:26]} {[%emt
00:00:02]} 34. Rc1+ {[%clk 00:00:35]} {[%emt 00:00:02]} Kd5 {[%clk 00:01:23]}
{[%emt 00:00:04]} 35. Bg3 {[%clk 00:00:25]} {[%emt 00:00:10]} Ra6 {[%clk
00:01:20]} {[%emt 00:00:07]} 36. Rd1+ {[%clk 00:00:14]} {[%emt 00:00:13]} Kc6
{[%clk 00:01:20]} {[%emt 00:00:02]} 37. Rd6+ {[%clk 00:00:15]} {[%emt
00:00:01]} Kb5 {[%clk 00:01:20]} {[%emt 00:00:02]} 38. Rxa6 {[%clk 00:00:15]}
{[%emt 00:00:01]} Nxa6 {[%clk 00:01:18]} {[%emt 00:00:05]} 39. e4 {[%clk
00:00:17]} {[%emt 00:00:01]} Kc4 {[%clk 00:01:13]} {[%emt 00:00:07]} 40. Ke3
{[%clk 00:00:18]} Nc5 {[%clk 00:01:12]} {[%emt 00:00:03]} 41. Kf4 {[%clk
00:00:15]} {[%emt 00:00:04]} fxe4 {[%clk 00:01:09]} {[%emt 00:00:06]} 42. fxe4
{[%clk 00:00:16]} h6 {[%clk 00:01:03]} {[%emt 00:00:08]} 43. Ke5 {[%clk
00:00:12]} {[%emt 00:00:03]} Kd3 {[%clk 00:01:03]} {[%emt 00:00:04]} 44. Kf6
{[%emt 00:00:13]} Nxe4+ {[%emt 00:00:06]} 45. Kxg6 Nxg3 {[%emt 00:00:01]} 46.
hxg3 {[%emt 00:00:02]} e5 47. Kxh6 {[%emt 00:00:01]} e4 48. g4 {[%emt
00:00:01]} e3 49. g5 {[%emt 00:00:01]} e2 50. g6 {[%emt 00:00:01]} e1=Q {[%emt
00:00:02]} 51. g7 {[%emt 00:00:01]} Qh4+ {[%emt 00:00:03]} 52. Kg6 Qg4+ {[%emt
00:00:01]} 53. Kf7 {[%emt 00:00:01]} Qf5+ {[%emt 00:00:01]} 54. Kg8 Ke4 {[%emt
00:00:03]} 55. Kh8 {[%emt 00:00:02]} Qh5+ {[%emt 00:00:01]} 56. Kg8 {[%emt
00:00:02]} Kf5 {[%emt 00:00:01]} 57. Kf8 {[%emt 00:00:01]} Qh6 {[%emt
00:00:06]} 58. Kf7 {[%emt 00:00:03]} Qh5+ {[%emt 00:00:03]} 59. Kf8 {[%emt
00:00:02]} Qh6 {[%emt 00:00:09]} 60. Kf7 {[%emt 00:00:01]} 0-1

[Event "Turniej Blitza na II Lidze Juniorów 2018"]
[Site "Szczyrk, Poland"]
[Date "2018.07.26"]
[Round "3.39"]
[White "Zalewska, Malgorzata"]
[Black "Syrkiewicz, Michal"]
[Result "0-1"]
[TimeControl "3'+2\""]
[WhiteElo "1254"]
[BlackElo "1518"]

1. e4 {[%clk 00:03:03]} {[%emt 00:02:04]} c5 {[%clk 00:03:01]} {[%emt
00:00:03]} 2. Nc3 {[%clk 00:03:04]} {[%emt 00:00:01]} e6 {[%clk 00:03:01]}
{[%emt 00:00:03]} 3. g3 {[%clk 00:03:02]} {[%emt 00:00:03]} d5 {[%clk
00:03:02]} {[%emt 00:00:01]} 4. Bg2 {[%clk 00:03:00]} {[%emt 00:00:04]} Nf6
{[%clk 00:02:55]} {[%emt 00:00:09]} 5. d3 {[%clk 00:02:58]} {[%emt 00:00:03]}
Nc6 {[%clk 00:02:57]} 6. Qd2 {[%clk 00:02:59]} {[%emt 00:00:03]} Be7 {[%clk
00:02:57]} {[%emt 00:00:02]} 7. Nge2 {[%clk 00:02:59]} d4 {[%clk 00:02:56]}
{[%emt 00:00:03]} 8. Nd1 {[%clk 00:03:00]} {[%emt 00:00:01]} e5 {[%clk
00:02:53]} {[%emt 00:00:06]} 9. O-O {[%clk 00:03:00]} {[%emt 00:00:02]} b5
{[%clk 00:02:49]} {[%emt 00:00:05]} 10. b3 {[%clk 00:02:59]} {[%emt 00:00:03]}
a5 {[%clk 00:02:50]} {[%emt 00:00:01]} 11. a4 {[%clk 00:02:57]} {[%emt
00:00:05]} bxa4 {[%clk 00:02:44]} {[%emt 00:00:08]} 12. bxa4 {[%clk 00:02:56]}
{[%emt 00:00:03]} Rb8 {[%clk 00:02:45]} {[%emt 00:00:01]} 13. Ba3 {[%clk
00:02:55]} {[%emt 00:00:02]} Nb4 {[%clk 00:02:45]} {[%emt 00:00:02]} 14. Bxb4
{[%clk 00:02:55]} {[%emt 00:00:03]} cxb4 {[%clk 00:02:46]} 15. Nb2 {[%clk
00:02:55]} {[%emt 00:00:02]} O-O {[%clk 00:02:41]} {[%emt 00:00:06]} 16. Nc4
{[%clk 00:02:54]} {[%emt 00:00:03]} Bd6 {[%clk 00:02:42]} 17. f4 {[%clk
00:02:49]} {[%emt 00:00:07]} Qc7 {[%clk 00:02:28]} {[%emt 00:00:16]} 18. f5
{[%clk 00:02:37]} {[%emt 00:00:14]} Ba6 {[%clk 00:02:29]} {[%emt 00:00:01]} 19.
Nxd6 Qxd6 {[%clk 00:02:30]} 0-1